000 00709nam a2200241Ia 4500
003 OSt
005 20220923212501.0
006 a|||||r|||| 00| 0
007 ta
008 220922b |||||||| |||| 00| 0 hin d
024 _a153,416
037 _cTextual
040 _aARTS
_cARTS
_bhin
041 _2hin
_ahin
082 _aO15v2:D5, 152K2
100 _aराजेन्द्र प्रसाद
245 0 _aसंस्कृत और संस्कृति
246 _aSanskṛut aur sanskṛuti
250 _aसंस्क0 3
260 _c1962
942 _hO15v2:D5, 152K2
_cTEXL
_2CC
999 _c309060
_d309060